Egypt! : the 40th anniversary exhibition of the Finnish Egyptological Society, 15.5-13.9.2009 /

Saved in:

Other Authors: Toivari-Viitala, Jaana (Editor)

Format: Book

Language: English

Published: Vammala : Vammalan Kirjapaino, 2009.

Series: Occasional publications (Suomen Egyptologinen Seura) ; 1.

Subjects:

Tags: Add Tag

No Tags, Be the first to tag this record!

Call Number: DT59 .E317 2009

LEADER 00786nam a2200229Ia 4500
003 OSt
005 20260517072709.0
008 220401s2009 fi a c 000 0 eng d
020 |a 9789519684284 
040 |c ARCE Library 
050 4 |a DT59 .E317 2009 
245 0 0 |a Egypt! :   |b the 40th anniversary exhibition of the Finnish Egyptological Society, 15.5-13.9.2009 /   |c Jaana Toivari-Viitala, editor. 
264 1 |a Vammala :   |b Vammalan Kirjapaino,   |c 2009. 
300 |a 88 pages :   |b illustrations ;   |c 25 cm. 
490 0 |a Occasional publications (Suomen Egyptologinen Seura) ;   |v 1. 
610 2 0 |a Suomen Egyptologinen Seura. 
650 0 |a Egyptology. 
651 0 |a Egypt   |x Antiquities. 
700 1 |a Toivari-Viitala, Jaana,   |e editor 
901 |a reviewed 
942 |2 lcc  |c BK 
999 |c 46996  |d 46996